000 00481nam a2200145 i 4500
001 70323
003 ES-MaACL
007 t|
008 040721m19451947sp ||||1| spa d
100 1 _aGarcía Royo, Amando.
_955227
245 1 0 _aTratado de arrendamietnos rústicos
_b: jurisprudencia sobre arrendamientos rústicos /
_cAmando García Royo.
260 _aMadrid :
_b[s.n.,
_c1945-1947] (
_fImp. Comercial)
300 _a3 v. ;
_c22 cm.
852 _aES-MaACL
_jE-4219-21
_bR.23617-19
999 _c70323
_d70323